1861 1241 1713 1662 1216 1355 1678 1066 1224 1204 1644 1613 1672 1449 1092 1365 1773 1938 1179 1767 1725 1694 1740 1113 1358 1087 1194 1147 1460 1723 1552 1506 1695 1809 1043 1269 1697 1171 1725 1401 1602 1085 1189 1663 1830 1201 1473 1705 1150 1041 1088 1962 1274 1222 1418 1082 1112 1817 1401 1951 1865 1611 1859 1505 1829 1203 1858 1703 1298 1131 1549 1737 1380 1963 1032 1011 1064 1235 1937 1933 1287 1682 1300 1276 1310 1315 1621 1521 1606 1782 1397 1536 1415 1385 1512 1116 1452 1943 1184 BCNSPRNW ULIB Ver.6.0+V

เปลี่ยนเป็นภาษาไทย

Change to English
 แสดงรายละเอียดบรรณานุกรม
  กลับหน้าหลัก

Brief Record : Get Marc (ISO 2709) : E-mail record : QR code < ปิดหน้าต่าง
LEADER : 00000nam 2200000uu 4500
001    13399120805
003     ULIB
008    121017s2550||||th 000 0 tha d
099    วจ.HD58.82^b456ค
100 0  วาณี โพธิ์นคร และจิราจันทร์ คณฑา
110 1  วิทยาลัยพยาบาลบรมราชชนนี สวรรค์ประชารักษ์ นครสวรรค์
245 00 ความสัมพันธ์ระหว่างรูปแบบการตัดสินใจและลักษณะความเป็นองค์กรแห่งการเรียนรู้ตามการรับรู้ของอาจารย์ วิทยาลัยพยาบาลราชชนนี สวรรค์ประชารักษ์ นครสวรรค์^cวาณี โพธิ์นคร และจิราจันทร์ คณฑา
260    ู^c2550
300    63 แผ่น
650  0 องค์กรแห่งการเรียนรู้^cวิจัย
650  0 รูปแบบการตัดสินใจ^cวิจัย
945    ^p0^l0^i032847
945    ^p0^l0^i032848
995    เกษร
999    ^aใช้งานได้ทุกระบบ
รายการนี้ยังไม่มีแท็ก
คุณยังไม่ได้ล็อกอิน คุณสามารถมีกิจกรรมร่วมกับเว็บไซต์ได้ แต่ต้องล็อกอินก่อน ::
  ล็อกอิน

รายการสื่อสารสนเทศ

ลำดับที่ ประเภท เลขเรียก/บาร์โค้ด สถานที่ สถานะ
1. งานวิจัย
งานวิจัย
วจ.HD58.82 456ค  
  Barcode: 032847
ห้องสมุดวิทยาเขตสวรรค์ประชารักษ์
►วิจัย
บนชั้น
2. งานวิจัย
งานวิจัย
วจ.HD58.82 456ค ฉ.2 
  Barcode: 032848
ห้องสมุดวิทยาเขตสวรรค์ประชารักษ์
►วิจัย
บนชั้น

BibComment


ยังไม่เคยถูกคอมเมนท์

คอมเมนท์ทรัพยากรรายการนี้
  คอมเมนท์: ความสัมพันธ์ระหว่..


 Copyright 2026. Bcnsprnw @Library